| 000 | 00557nam a2200181 a 4500 | ||
|---|---|---|---|
| 005 | 20140412111343.0 | ||
| 008 | 040310s19uu xx 00 eng d | ||
| 020 | _a1-56565-832-9 | ||
| 050 |
_aTR(GS 372.4 _bC41 1997 |
||
| 100 | _aCheney, Martha | ||
| 245 |
_aA super edition Workbook for grades 1-2 / _cwritten by Martha Cheney, et al. |
||
| 260 |
_aLos Angeles : _bLowell House Juvenile, _c1997. |
||
| 300 | _a528 p. ; ill. | ||
| 440 | _aGifted & Talented Workbooks | ||
| 650 | _aReading--Study and teachings | ||
| 650 | _aWorkbook | ||
| 999 |
_c105172 _d105172 |
||